Kalendarz WRC 2024 - zwycięzcy (Yellow Box) - Statystyki

Ogólne statystyki
  • Ten quiz został rozwiązany 16 razy
  • Średni wynik to 10 z 13
Statystyki odpowiedzi
Rajd Zwycięzca % Poprawnych
Polska Kalle Rovanperä
92%
Monte Carlo Thierry Neuville
92%
Łotwa Kalle Rovanperä
85%
Chile Kalle Rovanperä
85%
Finlandia Sébastien Ogier
85%
Safari (Kenia) Kalle Rovanperä
77%
Europa Centralna Ott Tänak
77%
Chorwacja Sébastien Ogier
77%
Grecja Thierry Neuville
77%
Japonia Elfyn Evans
69%
Portugalia Sébastien Ogier
69%
Szwecja Esapekka Lappi
62%
Sardynia (Włochy) Ott Tänak
62%
Nie znaleziono quizów pasujących do podanych kryteriów
Rozkład punktacji
Procent ludzi z każdym wynikiem
Percentyl według liczby udzielonych odpowiedzi
Twoja historia wyników
Nie rozwiązałeś tego quizu